| 000 | 00653nam a2200205 a 4500 | ||
|---|---|---|---|
| 003 | PILC | ||
| 005 | 20160224135130.0 | ||
| 008 | 100223s19uu xx 00 eng d | ||
| 020 | _a9788183292184 | ||
| 050 |
_aG 156.5 _b.Y12 2007 |
||
| 100 | _aYaday, Vandana. | ||
| 245 |
_aModern tourism in global perspective / _cVandana Yadav, Upasana Sharma. |
||
| 260 |
_aNew Delhi : _bShree Publishers & Distributors, _c2007. |
||
| 300 |
_a268 pages ; _c24 cm. |
||
| 500 | _aIncludes appendices, bibliographical references and indexes. | ||
| 650 |
_aTourism _xDeveloping countries. |
||
| 700 | _aSharma, Upasana. | ||
| 942 |
_cBK _2lcc _kFOR |
||
| 999 |
_c23846 _d23846 |
||